Central Library OPAC University of Rajshahi

India : (Record no. 68929)

MARC details
000 -LEADER
fixed length control field 00773nam a2200253 a 4500
001 - CONTROL NUMBER
control field 68929
003 - CONTROL NUMBER IDENTIFIER
rucl marc code BD-RjUL
005 - DATE AND TIME OF LATEST TRANSACTION
control field 20211209081829.0
008 - FIXED-LENGTH DATA ELEMENTS--GENERAL INFORMATION
fixed length control field 170408s1971 ii ab b 001 0 eng d
020 ## - INTERNATIONAL STANDARD BOOK NUMBER
Terms of availability : Rs. 125.00
035 ## - SYSTEM CONTROL NUMBER
System control number (BD-RjUL)69140
040 ## - CATALOGING SOURCE
Original cataloging agency DLC
Transcribing agency DLC
Modifying agency DLC
Language of cataloging eng
041 ## - LANGUAGE CODE
Language code of text/sound track or separate title eng
082 00 - DEWEY DECIMAL CLASSIFICATION NUMBER
Edition number 23
Classification number 915.4
Author mark and year IND 1971
245 00 - TITLE STATEMENT
Title India :
Remainder of title a regional geography /
Statement of responsibility, etc. Edited R. L. Singh.
260 ## - PUBLICATION, DISTRIBUTION, ETC. (IMPRINT)
Place of publication, distribution, etc. Varanasi :
Name of publisher, distributor, etc. National Geographical Society of India,
Date of publication, distribution, etc. 1971
300 ## - PHYSICAL DESCRIPTION
Pagination xx, 992 p. :
Illustrations ill. ;
Size 25 cm.
500 ## - GENERAL NOTE
General note "Silver jubilee publication."
504 ## - BIBLIOGRAPHY, ETC. NOTE
Bibliography, etc Includes bibliographies and indexes
651 #0 - SUBJECT ADDED ENTRY--GEOGRAPHIC NAME
Geographic name India
General subdivision Geography.
9 (RLIN) 204253
Geographic name India
General subdivision Economic conditions.
9 (RLIN) 204254
700 1# - ADDED ENTRY--PERSONAL NAME
Personal name Singh, Ram Lochan,
942 ## - ADDED ENTRY ELEMENTS (KOHA)
Source of classification or shelving scheme Dewey Decimal Classification
Koha item type Books
Holdings
Lost status Source of classification or shelving scheme Damaged status Not for loan Collection code Permanent Location Current Location Shelving location Date acquired Source of acquisition Cost, normal purchase price Total Checkouts Full call number Date last seen Copy number Koha item type
  Dewey Decimal Classification   Not For Loan Non-fiction Central Library, University of Rajshahi Central Library, University of Rajshahi Reading Room 15/05/1973 Firma K. L. Mukha 125.00   915.4 IND 1971 08/04/2017 C-1 Books